Guess the NBA player by their picture Part-4 - Statistics

General Stats
  • This quiz has been taken 41 times
  • The average score is 13 of 16
Answer Stats
Picture Answer % Correct
Draymond Green
100%
Kevin Love
97%
Zion Williamson
97%
Alex Caruso
89%
Austin Reaves
89%
Jalen Brunson
89%
Michael Porter Jr.
89%
Tobias Harris
89%
Tyler Herro
89%
Paolo Banchero
81%
Jaren Jackson Jr.
76%
Clint Capela
73%
Max Strus
68%
Gabe Vincent
65%
Mo Bamba
65%
OG Anunoby
57%
No matching quizzes found
Score Distribution
Percent of People with Each Score
Percentile by Number Answered
Your Score History
You have not taken this quiz